Design of concrete structures (Record no. 3628)

000 -LEADER
fixed length control field 00663nam a2200229 a 4500
001 - CONTROL NUMBER
control field 3628
003 - CONTROL NUMBER IDENTIFIER
control field BD-DhUET
008 - FIXED-LENGTH DATA ELEMENTS--GENERAL INFORMATION
fixed length control field 850621s1985 enka b 101 0 eng
020 ## - INTERNATIONAL STANDARD BOOK NUMBER
International Standard Book Number 007Y665486
040 ## - CATALOGING SOURCE
Original cataloging agency DLC
Transcribing agency DLC
Modifying agency BD-DhUET
082 00 - DEWEY DECIMAL CLASSIFICATION NUMBER
Classification number 624.183
Item number NIL/1986
100 ## - MAIN ENTRY--PERSONAL NAME
Personal name Nilson, Arthur H.
245 00 - TITLE STATEMENT
Title Design of concrete structures
Statement of responsibility, etc. by Arthur H. Nilson and George Winter
250 ## - EDITION STATEMENT
Edition statement 10th ed.
260 ## - PUBLICATION, DISTRIBUTION, ETC. (IMPRINT)
Place of publication, distribution, etc. New York:
Name of publisher, distributor, etc. McGraw Hill Book Company,
Date of publication, distribution, etc. 1986.
300 ## - PHYSICAL DESCRIPTION
Extent xi, 380 p. :
Other physical details ill. ;
Dimensions 23 cm.
490 ## - SERIES STATEMENT
Series statement Civil engineering series
504 ## - BIBLIOGRAPHY, ETC. NOTE
Bibliography, etc Includes bibliographies
650 #0 - SUBJECT ADDED ENTRY--TOPICAL TERM
Topical term or geographic name as entry element Reinforced concrete
700 ## - ADDED ENTRY--PERSONAL NAME
Personal name Winter, George
942 ## - ADDED ENTRY ELEMENTS (KOHA)
Koha item type General Book
Holdings
Price effective from Koha full call number Lost status Damaged status Withdrawn status Not for loan Koha renewals Copy number Location (home branch) Koha normalized classification for sorting Koha item type Piece designation (barcode) Date acquired Koha date last seen Koha out on loan Shelving location Koha date last borrowed Source of classification or shelving scheme Koha issues (times borrowed) Sublocation or collection (holding branch)
2014-11-02624.183/NIL/1986    11Central Library, BUET624_000000000000000_183NIL1986General Book778732014-11-022026-02-232027-02-23Circulation section2026-02-23 6Central Library, BUET
2024-12-04624.183 NIL/1986     ১০/ক-১Central Library, BUET624_183000000000000_NIL_1986Rental Item778161990-10-232024-12-04 Rental section   Central Library, BUET
2024-12-04624.183 NIL/1986     ১০/ক-২Central Library, BUET624_183000000000000_NIL_1986Rental Item778171990-10-232024-12-04 Rental section   Central Library, BUET
2024-12-04624.183 NIL/1986     ১০/ক-৩Central Library, BUET624_183000000000000_NIL_1986Rental Item778181990-10-232024-12-04 Rental section   Central Library, BUET
2024-12-04624.183 NIL/1986     ১০/ক-৪Central Library, BUET624_183000000000000_NIL_1986Rental Item778191990-10-232024-12-04 Rental section   Central Library, BUET
2024-12-04624.183 NIL/1986     ১০/ক-৫Central Library, BUET624_183000000000000_NIL_1986Rental Item778201990-10-232024-12-04 Rental section   Central Library, BUET
2024-12-04624.183 NIL/1986     ১০/ক-৬Central Library, BUET624_183000000000000_NIL_1986Rental Item778211990-10-232024-12-04 Rental section   Central Library, BUET
2024-12-04624.183 NIL/1986     ১০/ক-৭Central Library, BUET624_183000000000000_NIL_1986Rental Item778221990-10-232024-12-04 Rental section   Central Library, BUET
2024-12-04624.183 NIL/1986     ১০/ক-৮Central Library, BUET624_183000000000000_NIL_1986Rental Item778231990-10-232024-12-04 Rental section   Central Library, BUET
2024-12-04624.183 NIL/1986     ১০/ক-৯Central Library, BUET624_183000000000000_NIL_1986Rental Item778241990-10-232024-12-04 Rental section   Central Library, BUET
2024-12-04624.183 NIL/1986     ১০/ক-১০Central Library, BUET624_183000000000000_NIL_1986Rental Item778251990-10-232024-12-04 Rental section   Central Library, BUET
2024-12-04624.183 NIL/1986     ১০/ক-১১Central Library, BUET624_183000000000000_NIL_1986Rental Item778261990-10-232024-12-04 Rental section   Central Library, BUET
2024-12-04624.183 NIL/1986     ১০/ক-১২Central Library, BUET624_183000000000000_NIL_1986Rental Item778271990-10-232024-12-04 Rental section   Central Library, BUET
2024-12-04624.183 NIL/1986     ১০/ক-১৩Central Library, BUET624_183000000000000_NIL_1986Rental Item778281990-10-232024-12-04 Rental section   Central Library, BUET
2024-12-04624.183 NIL/1986     ১০/ক-১৪Central Library, BUET624_183000000000000_NIL_1986Rental Item778291990-10-232024-12-04 Rental section   Central Library, BUET
2024-12-04624.183 NIL/1986     ১০/ক-১৫Central Library, BUET624_183000000000000_NIL_1986Rental Item778301990-10-232024-12-04 Rental section   Central Library, BUET
2024-12-04624.183 NIL/1986     ১০/ক-১৬Central Library, BUET624_183000000000000_NIL_1986Rental Item778311990-10-232024-12-04 Rental section   Central Library, BUET
2024-12-04624.183 NIL/1986     ১০/ক-১৭Central Library, BUET624_183000000000000_NIL_1986Rental Item778321990-10-232024-12-04 Rental section   Central Library, BUET
2024-12-04624.183 NIL/1986     ১০/ক-১৮Central Library, BUET624_183000000000000_NIL_1986Rental Item778331990-10-232024-12-04 Rental section   Central Library, BUET
2024-12-04624.183 NIL/1986     ১০/ক-১৯Central Library, BUET624_183000000000000_NIL_1986Rental Item778341990-10-232024-12-04 Rental section   Central Library, BUET
2024-12-04624.183 NIL/1986     ১০/ক-২০Central Library, BUET624_183000000000000_NIL_1986Rental Item778351990-10-232024-12-04 Rental section   Central Library, BUET